000 00331 a2200157 4500
001 59818
020 _a3791527991
040 _cAnchieta - Pituba
100 _aDiCamillo, Kate
240 1 0 _aDespereaux
_lpor
245 1 0 _aDespereaux
300 _a249
362 0 _a2004
650 4 _aLiteratura juvenil em alemão
942 _cBK
999 _c59818
_d59818